[Event "FRA-ch U18 Girls"]
[Site "Vichy"]
[Date "2025.05.02"]
[Round "7"]
[White "Bellahcene, Jenna"]
[Black "Berezovsky, Fiorina"]
[Result "0-1"]
[WhiteElo "1845"]
[BlackElo "1801"]
[PlyCount "98"]
[EventDate "2025.04.27"]
[EventType "swiss"]
[EventRounds "9"]
[EventCountry "FRA"]
[SourceTitle "CB19_2025"]
[SourceDate "2025.05.07"]
[SourceVersion "1"]
[SourceVersionDate "2025.05.07"]
[SourceQuality "1"]

1. e4 c5 2. d4 cxd4 3. Qxd4 Nc6 4. Qd3 Nf6 5. Nc3 d6 6. Nf3 g6 7. Be2 Bg7 8. 0-0 0-0 9. Nd5 Bg4 10. c3 Rc8 11. Rd1 Nxd5 12. exd5 Bxf3 13. Qxf3 Ne5 14. Qe4 Qc7 15. Be3 Rfe8 16. a4 Nc4 17. Bd4 e5 18. dxe6 Rxe6 19. Qc2 Bxd4 20. Rxd4 Ne5 21. Rad1 Nc6 22. Re4 Rce8 23. Rxe6 Rxe6 24. Bg4 Rf6 25. Qd2 Ne5 26. Bh3 Qb6 27. Qd4 Qxd4 28. Rxd4 g5 29. Bc8 b6 30. Rd5 Kf8 31. a5 Nc4 32. axb6 Nxb6 33. Rf5 Rxf5 34. Bxf5 h6 35. b3 Ke7 36. f3 Kf6 37. Bd3 Ke5 38. Kf2 a5 39. Bb5 Nd5 40. c4 Nc7 41. Ba4 Kd4 42. Ke2 Kc3 43. Ke3 Ne6 44. Be8 f5 45. Bd7 f4+ 46. Ke2 Nc5 47. Bb5 Nxb3 48. g3 Nd4+ 49. Kf2 d5 0-1

[Event "FRA-ch U18 Girls"]
[Site "Vichy"]
[Date "2025.05.01"]
[Round "6"]
[White "Berezovsky, Fiorina"]
[Black "Bouland, Yseoline"]
[Result "1-0"]
[WhiteElo "1801"]
[BlackElo "1716"]
[PlyCount "97"]
[EventDate "2025.04.27"]
[EventType "swiss"]
[EventRounds "9"]
[EventCountry "FRA"]
[SourceTitle "CB19_2025"]
[SourceDate "2025.05.07"]
[SourceVersion "1"]
[SourceVersionDate "2025.05.07"]
[SourceQuality "1"]

1. d4 d5 2. c4 c6 3. Nf3 Nf6 4. e3 Bg4 5. Nc3 e6 6. Qb3 Qb6 7. Ne5 Bf5 8. c5 Qc7 9. Be2 Nbd7 10. f4 b6 11. Qa4 Nxe5 12. fxe5 Nd7 13. b4 bxc5 14. bxc5 Be7 15. 0-0 0-0 16. Qd1 f6 17. exf6 Bxf6 18. Bd2 Rae8 19. Be1 Bg6 20. Bd3 Bxd3 21. Qxd3 e5 22. Bg3 Qa5 23. Rac1 e4 24. Qd2 Qd8 25. Rb1 Bh4 26. Bd6 Rxf1+ 27. Rxf1 Bf6 28. Qb2 Qc8 29. Rb1 Be7 30. Bf4 Bf6 31. Qb7 Nxc5 32. Qxa7 Nd3 33. Rb8 Qe6 34. Ne2 Rxb8 35. Qxb8+ Kf7 36. Qc7+ Be7 37. a4 Nb4 38. Qb7 Kg6 39. a5 c5 40. Be5 Kf7 41. Nf4 Qg4 42. h3 Qd1+ 43. Kh2 Qa4 44. Nxd5 Nxd5 45. Qxd5+ Ke8 46. dxc5 Qxa5 47. Qg8+ Kd7 48. c6+ Kxc6 49. Qe6+ 1-0

[Event "FRA-ch U18 Girls"]
[Site "Vichy"]
[Date "2025.04.28"]
[Round "3"]
[White "Schebacher, Solene"]
[Black "Berezovsky, Fiorina"]
[Result "1-0"]
[WhiteElo "1821"]
[BlackElo "1801"]
[PlyCount "63"]
[EventDate "2025.04.27"]
[EventType "swiss"]
[EventRounds "9"]
[EventCountry "FRA"]
[SourceTitle "CB19_2025"]
[SourceDate "2025.05.07"]
[SourceVersion "1"]
[SourceVersionDate "2025.05.07"]
[SourceQuality "1"]

1. e4 c5 2. Nf3 Nc6 3. Bb5 g6 4. Bxc6 dxc6 5. d3 Bg7 6. h3 e5 7. Be3 b6 8. Qd2 h6 9. Nc3 Ne7 10. 0-0 f5 11. exf5 gxf5 12. Qe2 Ng6 13. Nxe5 Nxe5 14. Bf4 0-0 15. Bxe5 Re8 16. f4 Bxe5 17. fxe5 Qd4+ 18. Kh1 Rxe5 19. Qh5 Kg7 20. Rf3 Re3 21. Raf1 Bd7 22. g4 Rxf3 23. Rxf3 Re8 24. Rf1 Re5 25. gxf5 Bxf5 26. Rg1+ Kf6 27. Qxh6+ Ke7 28. Rg7+ Kd8 29. Qf6+ Kc8 30. Qxc6+ Kd8 31. Qc7+ Ke8 32. Rg8# 1-0

[Event "Wch Rapid (Women)"]
[Site "New York"]
[Date "2024.12.27"]
[Round "8"]
[White "Berezovsky, Fiorina"]
[Black "Lu, Miaoyi"]
[Result "0-1"]
[WhiteElo "1786"]
[BlackElo "2317"]
[PlyCount "92"]
[EventDate "2024.12.26"]
[EventType "swiss (rapid)"]
[EventRounds "11"]
[EventCountry "USA"]
[SourceTitle "CB01_2025"]
[SourceDate "2025.01.01"]
[SourceVersion "1"]
[SourceVersionDate "2025.01.01"]
[SourceQuality "1"]

1. c4 Nf6 2. Nc3 e6 3. d4 Bb4 4. Nf3 d5 5. cxd5 exd5 6. Bg5 h6 7. Bh4 0-0 8. Qb3 c5 9. a3 Bxc3+ 10. bxc3 c4 11. Qc2 g5 12. Bg3 Ne4 13. Rc1 Bf5 14. Qb2 Nc6 15. Nd2 Nxd2 16. Qxd2 Na5 17. Qb2 Qb6 18. Qxb6 axb6 19. Bd6 Rfd8 20. Bb4 Nb3 21. Rd1 Bc2 22. Rd2 Nxd2 23. Kxd2 Be4 24. f3 Bg6 25. h4 Re8 26. h5 Bh7 27. g3 g4 28. f4 Re6 29. Bg2 Rae8 30. Bf1 f6 31. Rg1 Re3 32. Kd1 Kf7 33. Kd2 Bf5 34. Rg2 Bd7 35. Rg1 R8e4 36. Ke1 Ke6 37. Kf2 Ba4 38. Rg2 Kf5 39. Ke1 Be8 40. Rh2 Rxg3 41. Bg2 Rxf4 42. Bxd5 Rg1+ 43. Kd2 g3 44. Rh3 Kg4 45. Be6+ f5 46. Bd6 Rff1 0-1

[Event "Wch Amateurs U2000"]
[Site "Rhodes"]
[Date "2024.10.27"]
[Round "1"]
[White "Kalyoncu, Ilker"]
[Black "Berezovsky, Fiorina"]
[Result "1-0"]
[WhiteElo "1812"]
[BlackElo "1964"]
[PlyCount "69"]
[EventDate "2024.10.27"]
[EventType "swiss"]
[EventRounds "9"]
[EventCountry "GRE"]
[SourceTitle "CB45_2024"]
[Source "ChessBase"]
[SourceDate "2024.11.06"]
[SourceVersion "1"]
[SourceVersionDate "2024.11.06"]
[SourceQuality "1"]

1. e4 c5 2. Nf3 a6 3. c4 Nc6 4. Nc3 Nd4 5. d3 d6 6. Be3 e5 7. Be2 Nf6 8. 0-0 Be7 9. Nd2 Bd7 10. f4 Nxe2+ 11. Qxe2 b5 12. b3 Ng4 13. Nd5 Nxe3 14. Qxe3 exf4 15. Qxf4 0-0 16. Rae1 Bg5 17. Qf2 Be6 18. Nf3 Bxd5 19. Nxg5 Qxg5 20. exd5 h5 21. Re4 Qg6 22. Rfe1 bxc4 23. dxc4 a5 24. Qf4 a4 25. R4e3 axb3 26. axb3 f5 27. Re6 Rf6 28. Qxd6 Ra2 29. g3 Kh7 30. Rxf6 gxf6 31. Qxc5 h4 32. Qc7+ Kh6 33. Qf4+ Kg7 34. Re7+ Kf8 35. Qd6 1-0

[Event "Olympiad Women-45"]
[Site "Budapest"]
[Date "2024.09.20"]
[Round "9.3"]
[White "Pavlidou, Ekaterini"]
[Black "Berezovsky, Fiorina"]
[Result "1/2-1/2"]
[WhiteElo "2141"]
[BlackElo "1976"]
[PlyCount "138"]
[EventDate "2024.09.11"]
[EventType "team-swiss"]
[EventRounds "11"]
[EventCountry "HUN"]
[SourceTitle "EXT 2025"]
[Source "ChessBase"]
[SourceDate "2024.10.14"]
[SourceVersion "1"]
[SourceVersionDate "2024.10.14"]
[SourceQuality "1"]
[WhiteTeam "Greece (W)"]
[BlackTeam "Monaco (W)"]
[WhiteTeamCountry "GRE"]
[BlackTeamCountry "MNC"]

1. d4 d5 2. c4 e6 3. Nf3 Be7 4. Nc3 Nf6 5. Bf4 c6 6. e3 0-0 7. Rc1 Nbd7 8. Bd3 dxc4 9. Bxc4 b5 10. Bd3 a6 11. 0-0 c5 12. a4 c4 13. Bb1 Qb6 14. e4 Bb7 15. Bg5 b4 16. Ne2 Qd8 17. Ng3 a5 18. Re1 Nb6 19. e5 Nfd5 20. Qc2 g6 21. Bh6 Re8 22. Ne4 Rc8 23. b3 cxb3 24. Qxb3 Nc3 25. Nxc3 Rxc3 26. Rxc3 bxc3 27. Qxc3 Bb4 28. Qc1 Bxf3 29. gxf3 Bxe1 30. Qxe1 Qxd4 31. Be3 Qxe5 32. f4 Qb2 33. Be4 Nc4 34. Bc1 Qb3 35. Kg2 Rd8 36. Bf3 h5 37. f5 exf5 38. Qe7 Qb6 39. Bg5 Rd6 40. Qe8+ Kg7 41. Be7 Rf6 42. Bd5 Qd4 43. Bxf6+ Qxf6 44. Bxc4 Qg5+ 45. Kf1 Qc1+ 46. Kg2 Qxc4 47. Qe5+ Kh7 48. Qxa5 Qg4+ 49. Kf1 Qd1+ 50. Kg2 Qg4+ 51. Kf1 h4 52. Qd5 Qxa4 53. Qxf7+ Kh6 54. Qf8+ Kh5 55. h3 Qd1+ 56. Kg2 Qd5+ 57. Kg1 Qe5 58. Qf7 Qe1+ 59. Kg2 Qe4+ 60. Kg1 f4 61. Qf8 Qe5 62. Kg2 Qd5+ 63. Kh2 f3 64. Qf4 g5 65. Qf6 Qd2 66. Qf7+ Kh6 67. Qf6+ Kh7 68. Qf7+ Kh6 69. Qf6+ Kh7 1/2-1/2

[Event "Olympiad Women-45"]
[Site "Budapest"]
[Date "2024.09.15"]
[Round "5.25"]
[White "Pham, Bich Ngoc"]
[Black "Berezovsky, Fiorina"]
[Result "1-0"]
[WhiteElo "2199"]
[BlackElo "1976"]
[PlyCount "48"]
[EventDate "2024.09.11"]
[EventType "team-swiss"]
[EventRounds "11"]
[EventCountry "HUN"]
[SourceTitle "EXT 2025"]
[Source "ChessBase"]
[SourceDate "2024.10.14"]
[SourceVersion "1"]
[SourceVersionDate "2024.10.14"]
[SourceQuality "1"]
[WhiteTeam "Canada (W)"]
[BlackTeam "Monaco (W)"]
[WhiteTeamCountry "CAN"]
[BlackTeamCountry "MNC"]

1. Nf3 d5 2. d4 Nf6 3. g3 Bf5 4. c4 c6 5. Nc3 dxc4 6. Bg2 e6 7. Nh4 Bb4 8. Nxf5 exf5 9. 0-0 0-0 10. e3 Nbd7 11. Qc2 g6 12. Nb1 Qe7 13. Qxc4 Rac8 14. a3 Bd6 15. b4 Ne4 16. f3 Nef6 17. Nc3 b5 18. Qd3 Nb6 19. e4 Nh5 20. exf5 Rfd8 21. Be3 Nc4 22. Bf2 Ng7 23. Bh3 Qd7 24. Ne4 gxf5 1-0

[Event "EU-ch U18 Girls"]
[Site "Prague"]
[Date "2024.08.31"]
[Round "9"]
[White "Berezovsky, Fiorina"]
[Black "Sevcikova, Lucia"]
[Result "0-1"]
[WhiteElo "1976"]
[BlackElo "2103"]
[PlyCount "88"]
[EventDate "2024.08.22"]
[EventType "swiss"]
[EventRounds "9"]
[EventCountry "CZE"]
[SourceTitle "CBM 221 Extra"]
[Source "ChessBase"]
[SourceDate "2024.09.30"]
[SourceVersion "1"]
[SourceVersionDate "2024.09.30"]
[SourceQuality "1"]

1. d4 d5 2. Bf4 Nf6 3. Nc3 a6 4. e3 e6 5. g4 c5 6. g5 Nfd7 7. Qf3 b5 8. Qg3 Bb7 9. Bc7 Qc8 10. Bg2 b4 11. Nce2 Bc6 12. c4 dxc4 13. Nf3 Ra7 14. Bf4 Be7 15. h4 Bb5 16. a4 bxa3 17. bxa3 c3 18. Nxc3 Bd3 19. Bxb8 cxd4 20. Nd1 Nxb8 21. Ne5 Bb5 22. exd4 Qc2 23. Qe3 Rc7 24. Be4 Qa4 25. Nc3 Bb4 26. Rc1 Qxa3 27. Rh3 0-0 28. Kd1 Rfc8 29. Qf4 Ba4+ 30. Bc2 Rxc3 31. Rxc3 Rxc3 32. Qxf7+ Kh8 33. Qb7 Rd3+ 34. Ke2 Rd2+ 35. Kf1 Qxc1+ 36. Kg2 Rxc2 37. Qxb8+ Rc8 38. Qxb4 Bc6+ 39. f3 Bd5 40. g6 Rc2+ 41. Kg3 Qg1+ 42. Kf4 Qh2+ 43. Kg4 Rg2+ 44. Kh5 Bxf3+ 0-1

[Event "EU-ch U18 Girls"]
[Site "Prague"]
[Date "2024.08.30"]
[Round "8"]
[White "Deak Sala, Emilia"]
[Black "Berezovsky, Fiorina"]
[Result "1/2-1/2"]
[WhiteElo "2037"]
[BlackElo "1976"]
[PlyCount "76"]
[EventDate "2024.08.22"]
[EventType "swiss"]
[EventRounds "9"]
[EventCountry "CZE"]
[SourceTitle "CBM 221 Extra"]
[Source "ChessBase"]
[SourceDate "2024.09.30"]
[SourceVersion "1"]
[SourceVersionDate "2024.09.30"]
[SourceQuality "1"]

1. e4 e6 2. Qe2 c6 3. Nf3 d5 4. d3 Nf6 5. g3 Be7 6. Bg2 0-0 7. 0-0 Nbd7 8. e5 Ne8 9. h4 f6 10. exf6 Ndxf6 11. d4 Ne4 12. Nbd2 N8d6 13. Nxe4 Nxe4 14. Ne5 c5 15. c3 cxd4 16. cxd4 Nd6 17. Rd1 Nf5 18. Nf3 Qb6 19. Bh3 Bd7 20. a4 Bf6 21. Bxf5 exf5 22. Bf4 Rae8 23. Qd2 Re4 24. Ne5 Bxe5 25. Bxe5 f4 26. Ra3 Qe6 27. gxf4 Qa6 28. Rg3 Rf7 29. b3 Re2 30. Qb4 Rc2 31. Re1 Rc6 32. Bxg7 Rg6 33. Be5 Rxg3+ 34. fxg3 Qd3 35. Kf2 Bg4 36. Re3 Qc2+ 37. Ke1 Qc1+ 38. Kf2 Qc2+ 1/2-1/2

[Event "EU-ch U18 Girls"]
[Site "Prague"]
[Date "2024.08.28"]
[Round "6"]
[White "Kochavi, Dana"]
[Black "Berezovsky, Fiorina"]
[Result "1-0"]
[WhiteElo "2083"]
[BlackElo "1976"]
[PlyCount "63"]
[EventDate "2024.08.22"]
[EventType "swiss"]
[EventRounds "9"]
[EventCountry "CZE"]
[SourceTitle "CBM 221 Extra"]
[Source "ChessBase"]
[SourceDate "2024.09.30"]
[SourceVersion "1"]
[SourceVersionDate "2024.09.30"]
[SourceQuality "1"]

1. e4 c5 2. Nf3 Nc6 3. Bb5 e6 4. 0-0 Nge7 5. d4 cxd4 6. Nxd4 Ng6 7. Be3 Be7 8. Be2 0-0 9. c4 a6 10. Nc3 Qc7 11. Rc1 Nxd4 12. Bxd4 b6 13. Na4 Bc5 14. b4 Bxd4 15. Qxd4 Rb8 16. Rfd1 f5 17. Qd6 Qb7 18. e5 Nh4 19. f3 Rf7 20. b5 g5 21. bxa6 Qa7 22. c5 bxc5 23. Qxc5 Qxc5+ 24. Rxc5 d6 25. exd6 Bd7 26. Ra5 Bxa4 27. Rxa4 Ra7 28. d7 Rd8 29. Bb5 Ng6 30. Rc4 Kf7 31. Rc8 Ra8 32. Rxa8 1-0

[Event "EU-ch U18 Girls"]
[Site "Prague"]
[Date "2024.08.25"]
[Round "4"]
[White "Skakun, Kateryna"]
[Black "Berezovsky, Fiorina"]
[Result "1-0"]
[WhiteElo "1854"]
[BlackElo "1976"]
[PlyCount "75"]
[EventDate "2024.08.22"]
[EventType "swiss"]
[EventRounds "9"]
[EventCountry "CZE"]
[SourceTitle "CBM 221 Extra"]
[Source "ChessBase"]
[SourceDate "2024.09.30"]
[SourceVersion "1"]
[SourceVersionDate "2024.09.30"]
[SourceQuality "1"]

1. e4 c5 2. Nf3 Nc6 3. d4 cxd4 4. Nxd4 e5 5. Nb5 d6 6. N1c3 a6 7. Na3 b5 8. Nd5 Nge7 9. Bg5 f6 10. Qh5+ g6 11. Nxf6+ Kf7 12. Qh4 h6 13. Nd5 hxg5 14. Qxh8 Nxd5 15. exd5 Qa5+ 16. c3 Bg7 17. Qh7 Bf5 18. dxc6 Rh8 19. Qxh8 Bxh8 20. Be2 Be4 21. 0-0 Bxc6 22. Nc2 d5 23. Rfd1 Bb7 24. Bf3 b4 25. Nxb4 Kg7 26. Bxd5 Bc8 27. Rd2 Kh6 28. Be4 Qb5 29. Rd8 Be6 30. Rxh8+ Kg7 31. Ra8 a5 32. Bd3 Qd7 33. Rxa5 Bf5 34. Rd5 Qe6 35. Bxf5 Qxf5 36. Re1 Qf4 37. Rdxe5 Qd2 38. R5e2 1-0

[Event "FRA-ch U18 Girls"]
[Site "Agen"]
[Date "2024.04.20"]
[Round "8"]
[White "Grimault, Leane"]
[Black "Berezovsky, Fiorina"]
[Result "0-1"]
[WhiteElo "1930"]
[BlackElo "1848"]
[PlyCount "132"]
[EventDate "2024.04.14"]
[EventType "swiss"]
[EventRounds "9"]
[EventCountry "FRA"]
[SourceTitle "EXT 2025"]
[Source "ChessBase"]
[SourceDate "2024.10.14"]
[SourceVersion "1"]
[SourceVersionDate "2024.10.14"]
[SourceQuality "1"]

1. c4 e6 2. g3 d5 3. Bg2 Nf6 4. Nf3 c6 5. 0-0 dxc4 6. Qc2 Bd6 7. Qxc4 b5 8. Qc2 Bb7 9. d4 Nbd7 10. Nc3 0-0 11. Rd1 Qb6 12. e4 Be7 13. Ng5 h6 14. e5 hxg5 15. Bxg5 Rac8 16. exf6 Bxf6 17. Qd2 a6 18. Ne4 Qd8 19. h4 Qe7 20. Rac1 Rfd8 21. Qf4 Bxg5 22. Nxg5 Qf6 23. Qe3 Qe7 24. Rc2 Nf6 25. Rdc1 Qd6 26. Rd2 Ba8 27. Rcd1 Qb4 28. a3 Qd6 29. Qe2 Re8 30. Nf3 c5 31. dxc5 Qxc5 32. Ne5 Bd5 33. Bxd5 exd5 34. b4 Qc3 35. Re1 Rxe5 36. Qxe5 Qxd2 37. Re2 Qc1+ 38. Kg2 Re8 39. Qb2 Qxb2 40. Rxb2 d4 41. Rd2 Rd8 42. Kf3 Kf8 43. Ke2 Ke7 44. Kd3 Kd6 45. Re2 Re8 46. Rc2 Re4 47. Rc8 Re8 48. Rc2 Nd5 49. Kxd4 Nb6 50. Kd3 Nc4 51. Kd4 Re1 52. a4 Rb1 53. axb5 axb5 54. Ra2 Rxb4 55. Ra6+ Ke7 56. Kc3 Rb1 57. Ra7+ Ke6 58. Ra6+ Kd5 59. Ra7 b4+ 60. Kc2 Rb2+ 61. Kc1 Rxf2 62. Rb7 Kd4 63. Kd1 Kc3 64. Ke1 Rf6 65. Kd1 b3 66. g4 b2 0-1

[Event "Wch U16 Girls"]
[Site "Montesilvano"]
[Date "2023.11.24"]
[Round "11"]
[White "Seemann, Pola"]
[Black "Berezovsky, Fiorina"]
[Result "0-1"]
[WhiteElo "1685"]
[BlackElo "1787"]
[PlyCount "104"]
[EventDate "2023.11.13"]
[EventType "swiss"]
[EventRounds "11"]
[EventCountry "ITA"]
[SourceTitle "CBM 217 Extra"]
[Source "ChessBase"]
[SourceDate "2024.01.31"]
[SourceVersion "1"]
[SourceVersionDate "2024.01.31"]
[SourceQuality "1"]

1. e4 e6 2. d4 d5 3. Bd3 dxe4 4. Bxe4 Nf6 5. Bf3 c5 6. Ne2 Nc6 7. Be3 cxd4 8. Nxd4 Ne5 9. Be2 a6 10. 0-0 Be7 11. Nc3 0-0 12. f4 Ned7 13. Bf3 Qc7 14. Kh1 Nb6 15. Bg1 Nc4 16. b3 Nb6 17. Ne4 Rd8 18. Qe1 Nbd5 19. g3 b5 20. c4 bxc4 21. bxc4 Qxc4 22. Rc1 Qxa2 23. Rf2 Qa3 24. Ra1 Qd3 25. Rd2 Qc4 26. Rc1 Qa4 27. Nc6 Qa3 28. Qd1 Nxe4 29. Rd3 Qd6 30. Nxd8 Qxd8 31. Bxe4 Bb7 32. Qb3 Qd7 33. Bf2 a5 34. Kg1 a4 35. Qa2 g6 36. Bb6 Qe8 37. Bxd5 Bxd5 38. Qa1 Qb5 39. Qd4 a3 40. Rdc3 Qa6 41. Bc5 Bxc5 42. Rxc5 a2 43. Qa1 Bb7 44. Rc7 Qb6+ 45. Kf1 Qb3 46. R7c3 Qd5 47. Rc7 Qh1+ 48. Kf2 Qxh2+ 49. Kf1 Qg2+ 50. Ke1 Qxg3+ 51. Ke2 Ba6+ 52. Kd2 Qd3+ 0-1

[Event "EU-ch U16 Girls rapid"]
[Site "Terme Catez"]
[Date "2023.09.29"]
[Round "8"]
[White "Berezovsky, Fiorina"]
[Black "Levchenko, Marina"]
[Result "1-0"]
[WhiteElo "1641"]
[BlackElo "1780"]
[PlyCount "71"]
[EventDate "2023.09.28"]
[EventType "swiss (rapid)"]
[EventRounds "9"]
[EventCountry "SLO"]
[SourceTitle "EXT 2024"]
[Source "ChessBase"]
[SourceDate "2023.10.10"]
[SourceVersion "1"]
[SourceVersionDate "2023.10.10"]
[SourceQuality "1"]

1. d4 d5 2. Bf4 e6 3. e3 Bd6 4. Bxd6 Qxd6 5. c3 Nf6 6. Nf3 c5 7. Bd3 Nc6 8. 0-0 0-0 9. Nbd2 b6 10. Qe2 c4 11. Bc2 b5 12. e4 dxe4 13. Nxe4 Qe7 14. Nxf6+ Qxf6 15. Qe4 g6 16. Qxc6 Rb8 17. Qe4 Bb7 18. Qe5 Qd8 19. Nd2 Bd5 20. Ne4 f6 21. Qg3 Qe7 22. Rfe1 b4 23. Nc5 bxc3 24. bxc3 Qf7 25. Be4 Rb2 26. Bxd5 exd5 27. Rab1 Rxb1 28. Rxb1 Re8 29. Rb8 Qe7 30. Rxe8+ Qxe8 31. Qe3 Qb8 32. Qe6+ Kg7 33. h4 Qb1+ 34. Kh2 Qc1 35. Qe7+ Kg8 36. Ne6 1-0

[Event "EU-ch U16 Girls rapid"]
[Site "Terme Catez"]
[Date "2023.09.29"]
[Round "9"]
[White "Tadic, Ana"]
[Black "Berezovsky, Fiorina"]
[Result "1-0"]
[WhiteElo "1743"]
[BlackElo "1641"]
[PlyCount "149"]
[EventDate "2023.09.28"]
[EventType "swiss (rapid)"]
[EventRounds "9"]
[EventCountry "SLO"]
[SourceTitle "EXT 2024"]
[Source "ChessBase"]
[SourceDate "2023.10.10"]
[SourceVersion "1"]
[SourceVersionDate "2023.10.10"]
[SourceQuality "1"]

1. e4 e6 2. d3 c5 3. Nf3 Nc6 4. g3 Nge7 5. Bg2 g6 6. Nbd2 d5 7. 0-0 Bg7 8. Re1 0-0 9. c3 b6 10. a3 Bb7 11. e5 Qc7 12. d4 cxd4 13. cxd4 Nf5 14. Nf1 Na5 15. g4 Ne7 16. h4 Rac8 17. Ne3 Nc4 18. Nxc4 Qxc4 19. Bg5 Rfe8 20. Rc1 Qb5 21. Rxc8 Bxc8 22. Qd2 Nc6 23. Bh6 Qa5 24. Bxg7 Qxd2 25. Nxd2 Kxg7 26. Nb3 Ba6 27. Rd1 Bc4 28. Nc1 Na5 29. b4 Nc6 30. Bf1 b5 31. Ne2 a5 32. bxa5 Nxa5 33. Nc3 Rb8 34. Rb1 Nb3 35. Bxc4 dxc4 36. Rd1 Na5 37. d5 Kf8 38. d6 Nc6 39. f4 b4 40. axb4 Rxb4 41. Rc1 Nd4 42. Kf2 Rb3 43. Ke3 Nc6 44. Kd2 Ke8 45. Rb1 Na5 46. Kc2 Ra3 47. Rb4 Ra1 48. Na4 Ra2+ 49. Nb2 Ra1 50. Nxc4 Nxc4 51. Rxc4 Rg1 52. Rc8+ Kd7 53. Rc7+ Kd8 54. Rxf7 Rxg4 55. Kd3 Rxh4 56. Ke4 Rh1 57. Kd4 h5 58. Rf6 Kd7 59. Rxg6 h4 60. Rg7+ Kd8 61. Rh7 h3 62. Ke3 Ra1 63. Kf2 Ra3 64. Rh4 Kd7 65. Kg1 Ra1+ 66. Kh2 Ra2+ 67. Kxh3 Ra3+ 68. Kg4 Ra1 69. Kg5 Rg1+ 70. Kf6 Rf1 71. Rh7+ Kd8 72. Kxe6 Kc8 73. d7+ Kc7 74. f5 Rf2 75. Rh8 1-0

[Event "FRA-ch U12/16 Girls"]
[Site "Agen"]
[Date "2023.04.24"]
[Round "2"]
[White "Butnaru, Dana"]
[Black "Berezovsky, Fiorina"]
[Result "0-1"]
[WhiteElo "1404"]
[BlackElo "1767"]
[PlyCount "83"]
[EventDate "2023.04.23"]
[EventType "swiss"]
[EventRounds "9"]
[EventCountry "FRA"]
[SourceTitle "CBM 214 Extra"]
[Source "ChessBase"]
[SourceDate "2023.07.31"]
[SourceVersion "1"]
[SourceVersionDate "2023.07.31"]
[SourceQuality "1"]

1. e4 c5 2. Nf3 e6 3. c3 Nf6 4. Qc2 Nc6 5. Be2 d5 6. exd5 Nxd5 7. 0-0 Be7 8. Rd1 0-0 9. d4 cxd4 10. Nxd4 Nxd4 11. Rxd4 Bf6 12. Rd1 Qc7 13. Bd3 g6 14. Nd2 Nf4 15. Ne4 Be5 16. Bxf4 Bxf4 17. h3 f5 18. Nd2 b6 19. Bc4 Bxd2 20. Bxe6+ Bxe6 21. Rxd2 Rad8 22. Rxd8 Rxd8 23. Re1 Qc6 24. Qe2 Rd6 25. Qa6 Qd7 26. Qe2 Kf7 27. Qe5 Rd1 28. Rxd1 Qxd1+ 29. Kh2 g5 30. Qh8 Qh5 31. Qd8 a6 32. Qa8 g4 33. Qa7+ Kf6 34. Qxb6 gxh3 35. gxh3 Qf3 36. a4 f4 37. Qd8+ Kg6 38. Qe8+ Bf7 39. Qe1 Bd5 40. Qg1+ Kf7 41. a5 Qe2 42. b4 0-1

[Event "EU-ch Small Nations (Women) 1st"]
[Site "Monte Carlo"]
[Date "2022.11.20"]
[Round "1"]
[White "Berezovsky, Fiorina"]
[Black "Farrugia, Jamie"]
[Result "0-1"]
[WhiteElo "1572"]
[BlackElo "1568"]
[PlyCount "102"]
[EventDate "2022.11.20"]
[EventType "tourn"]
[EventRounds "9"]
[EventCountry "MNC"]
[SourceTitle "CBM 211 Extra"]
[Source "ChessBase"]
[SourceDate "2023.01.31"]
[SourceVersion "1"]
[SourceVersionDate "2023.01.31"]
[SourceQuality "1"]

1. d4 d5 2. c4 c6 3. cxd5 cxd5 4. Nc3 Nc6 5. Nf3 Nf6 6. e3 a6 7. Bd3 Bg4 8. 0-0 e6 9. h3 Bh5 10. Bd2 Bd6 11. Be2 Bc7 12. Ng5 Bg6 13. f4 h6 14. Nf3 Ne4 15. Nxe4 Bxe4 16. Ne5 0-0 17. Bf3 Bh7 18. Rc1 Ne7 19. Qb3 Rb8 20. Bb4 Bd6 21. Bc5 b6 22. Bxd6 Qxd6 23. Rc3 Rfc8 24. Rfc1 f6 25. Ng4 Kf7 26. Rxc8 Rxc8 27. Rxc8 Nxc8 28. Qc3 Ne7 29. Be2 a5 30. Bd3 Bxd3 31. Qxd3 Qb4 32. Qc3 Qc4 33. Qxc4 dxc4 34. Kf1 Nd5 35. Ke2 Nb4 36. a3 Nd3 37. Kd2 b5 38. Kc3 a4 39. Nh2 Kg6 40. g4 Kf7 41. Nf1 Ke7 42. Ng3 Kd6 43. Nh5 g5 44. Nxf6 gxf4 45. exf4 Nxf4 46. Kb4 Kc6 47. h4 Ng2 48. g5 hxg5 49. hxg5 Nf4 50. Ng4 Kb6 51. Ne5 Nd5# 0-1

[Event "Olympiad Women-44"]
[Site "Chennai"]
[Date "2022.08.07"]
[Round "9.4"]
[White "Wijnhard, Joelle"]
[Black "Berezovsky, Fiorina"]
[Result "0-1"]
[WhiteElo "1291"]
[BlackElo "1544"]
[PlyCount "112"]
[EventDate "2022.07.29"]
[EventType "team-swiss"]
[EventRounds "11"]
[EventCountry "IND"]
[SourceTitle "CBM 210"]
[Source "ChessBase"]
[SourceDate "2022.10.31"]
[SourceVersion "1"]
[SourceVersionDate "2022.10.31"]
[SourceQuality "1"]
[WhiteTeam "Surinam (W)"]
[BlackTeam "Monaco (W)"]
[WhiteTeamCountry "SUR"]
[BlackTeamCountry "MNC"]

1. e4 c5 2. Nf3 a6 3. d4 cxd4 4. Nxd4 e6 5. Nc3 Qc7 6. Bd3 Bc5 7. Nf3 Nc6 8. 0-0 Nf6 9. h3 0-0 10. Rb1 b5 11. a3 Bb7 12. Re1 d6 13. Be3 Bxe3 14. Rxe3 Nd7 15. Re1 Nce5 16. Nxe5 Nxe5 17. Rc1 Nc4 18. Bxc4 bxc4 19. Qd2 Rfd8 20. Qf4 Qc6 21. Qg4 Qb6 22. Rb1 Re8 23. Na4 Qa5 24. Nc3 d5 25. exd5 Bxd5 26. Nxd5 exd5 27. c3 Qb5 28. Rxe8+ Rxe8 29. Kf1 g6 30. Qd4 Re4 31. Qd2 d4 32. Re1 Rxe1+ 33. Kxe1 d3 34. Qd1 Qxb2 35. Qd2 Qxd2+ 36. Kxd2 f5 37. f4 Kf7 38. g3 h5 39. h4 Ke6 40. a4 Kd5 41. Ke3 Kc5 42. Kd2 Kb6 43. Kc1 Ka5 44. Kb2 Kxa4 45. Kc1 Kb3 46. Kd2 a5 47. Kd1 a4 48. Kd2 a3 49. Kd1 a2 50. Kd2 a1Q 51. Ke3 Kxc3 52. Kf2 Kd4 53. Kg2 d2 54. Kf2 d1Q 55. Kg2 Qf1+ 56. Kh2 Qh1# 0-1

[Event "Olympiad Women-44"]
[Site "Chennai"]
[Date "2022.08.06"]
[Round "8.4"]
[White "Berezovsky, Fiorina"]
[Black "Ndirangu, Joyce Nyaruai"]
[Result "0-1"]
[WhiteElo "1544"]
[BlackElo "1679"]
[PlyCount "88"]
[EventDate "2022.07.29"]
[EventType "team-swiss"]
[EventRounds "11"]
[EventCountry "IND"]
[SourceTitle "CBM 210"]
[Source "ChessBase"]
[SourceDate "2022.10.31"]
[SourceVersion "1"]
[SourceVersionDate "2022.10.31"]
[SourceQuality "1"]
[WhiteTeam "Monaco (W)"]
[BlackTeam "Kenya (W)"]
[WhiteTeamCountry "MNC"]
[BlackTeamCountry "KEN"]

1. d4 c5 2. c3 b6 3. dxc5 bxc5 4. Qd5 Nc6 5. Qxc5 Nf6 6. e3 e6 7. Qc4 Bb7 8. Nf3 Be7 9. Be2 a5 10. Qa4 0-0 11. 0-0 Qc7 12. c4 Rfc8 13. Nc3 Ne5 14. Nxe5 Qxe5 15. Qc2 d5 16. f4 Qc7 17. cxd5 Nxd5 18. Bd2 Bc5 19. Nxd5 Bxd5 20. Qc3 Qb7 21. Bf3 Rab8 22. Bxd5 Qxd5 23. Rfd1 Ba7 24. Qa3 Rc2 25. Qxa5 Bxe3+ 26. Kh1 Rxd2 27. Qxd5 exd5 28. Rxd2 Bxd2 29. a4 Rxb2 30. g3 Bc3 31. Rc1 d4 32. a5 Ra2 33. Rb1 g6 34. Kg1 Bxa5 35. Rd1 Kg7 36. Kf1 Bc3 37. h4 h5 38. Kg1 Kf6 39. Rc1 d3 40. Rxc3 d2 41. Rc6+ Kf5 42. Rc5+ Kg4 43. Rd5 Kf3 44. Rd3+ Ke2 0-1